Engineering Chemistry (Record no. 8003)

MARC details
000 -LEADER
fixed length control field 00321nam a2200133Ia 4500
008 - FIXED-LENGTH DATA ELEMENTS--GENERAL INFORMATION
fixed length control field 191201s2010 xx 000 0 und d
082 ## - DEWEY DECIMAL CLASSIFICATION NUMBER
Classification number 540
Item number JAE
100 ## - MAIN ENTRY--PERSONAL NAME
Personal name JAIN, PC
245 #0 - TITLE STATEMENT
Title Engineering Chemistry
250 ## - EDITION STATEMENT
Edition statement Rep
260 ## - PUBLICATION, DISTRIBUTION, ETC. (IMPRINT)
Date of publication, distribution, etc 2010
Name of publisher, distributor, etc Dhanpat Rai Pubns (P) Ltd
Place of publication, distribution, etc NEW DELHI
300 ## - PHYSICAL DESCRIPTION
Extent 1288
942 ## - ADDED ENTRY ELEMENTS (KOHA)
Source of classification or shelving scheme Dewey Decimal Classification
Koha item type Text Books
942 ## - ADDED ENTRY ELEMENTS (KOHA)
-- 2
Holdings
Withdrawn status Lost status Source of classification or shelving scheme Damaged status Not for loan Collection code Home library Current library Date acquired Source of acquisition Cost, normal purchase price Bill Number Total Checkouts Full call number Acc. no. / Barcode Date last seen Bill Date Koha item type Date last borrowed
    Dewey Decimal Classification     Diploma in Mechanical PIET C-LIBRARY PIET C-LIBRARY 03/07/2012 IBH, New Delhi 415.00 4860   540 JAE DE47 04/12/2019 03/07/2012 Text Books  
    Dewey Decimal Classification     Diploma in Mechanical PIET C-LIBRARY PIET C-LIBRARY 03/07/2012 IBH, New Delhi 415.00 4860   540 JAE DE48 04/12/2019 03/07/2012 Text Books  
    Dewey Decimal Classification     Diploma in Mechanical PIET C-LIBRARY PIET C-LIBRARY 03/07/2012 IBH, New Delhi 415.00 4860   540 JAE DE49 04/12/2019 03/07/2012 Text Books  
    Dewey Decimal Classification     Diploma in Mechanical PIET C-LIBRARY PIET C-LIBRARY 03/07/2012 IBH, New Delhi 415.00 4860 1 540 JAE DE50 21/10/2022 03/07/2012 Text Books 14/10/2022
    Dewey Decimal Classification     Diploma in Mechanical PIET C-LIBRARY PIET C-LIBRARY 03/07/2012 IBH, New Delhi 415.00 4860 1 540 JAE DE51 31/12/2021 03/07/2012 Text Books 28/12/2021
    Dewey Decimal Classification     Diploma in Mechanical PIET C-LIBRARY PIET C-LIBRARY 03/07/2012 IBH, New Delhi 415.00 4860   540 JAE DE52 04/12/2019 03/07/2012 Text Books  

Design & Developed by: PIET Central Library
R70 Miles Stone Pattikalyana Samalkha Panipat 132102
mail ID :- [email protected], Phone No:- 0180-2569700 Ex.216